| 000 | 00820nam a22002771 4500 | ||
|---|---|---|---|
| 001 | 134171 | ||
| 003 | ES-MaACL | ||
| 005 | 20250801154529.0 | ||
| 007 | t| | ||
| 008 | 070906s1965 sp ||||0| spa d | ||
| 016 | 7 | _zIND2000943724 | |
| 040 |
_aM-BN _bspa _cCDM |
||
| 080 | _a173.5 | ||
| 100 | 1 |
_aWeyergans, Franz. _9116599 |
|
| 245 | 1 | 0 |
_aHijos de mi paciencia / _cFranz Weyergans ; traducido por Pedro Darnell. |
| 260 |
_aBarcelona : _bEstela, _c[1965] |
||
| 300 |
_a124 p. ; _c19 cm. |
||
| 490 | 1 |
_aVida y amor ; _v10 |
|
| 490 | 1 |
_aColección "Vida y Amor" ; _v10 |
|
| 650 | 1 | 4 |
_aPadres e hijos. _915785 |
| 700 | 1 |
_aDarnell, Pedro. _942741 |
|
| 830 | 0 | 0 |
_aVida y amor _v10 _9182812 |
| 830 | 0 | 0 |
_aVida y amor _v10 _9182812 |
| 852 |
_aES-MaACL _jC-28854 _bR.58422 |
||
| 999 |
_c134171 _d134171 |
||